[Event "Central-SRB chT 2018"]
[Site "Kragujevac"]
[Date "2018.09.22"]
[Round "11"]
[White "Mirkovic, Stevan"]
[Black "Radivojevic, Ivan"]
[Result "0-1"]
[WhiteElo "2307"]
[BlackElo "2360"]
[Annotator "TA"]
[PlyCount "118"]
[EventDate "2018.09.14"]
[EventType "team-tourn"]
[EventCountry "SRB"]
[SourceTitle "playchess.com"]
[Source "ChessBase"]
[SourceQuality "1"]

{[%evp 9,118,-4,7,-8,0,0,0,0,18,14,16,17,24,12,12,6,21,21,34,29,59,50,99,38,55,11,18,11,36,11,13,12,16,-9,0,-8,0,-13,-13,-10,0,-53,-53,-53,-53,-45,-22,-53,-25,-52,-37,-57,-29,-67,-29,-78,-17,-46,-33,-35,-17,-19,-31,-129,-99,-97,0,-179,-155,-309,-292,-306,-301,-344,-343,-350,-353,-352,-353,-412,-364,-385,-358,-401,-405,-382,-342,-333,-344,-470,-464,-447,-426,-554,-551,-590,-586,-617,-505,-568,-556,-694,-691,-745,-747,-737,-735,-736,-692,-1169,-1152]} 1. Nf3 Nf6 2. c4 e6 3. Nc3 Bb4 4. a3 Bxc3 5. bxc3 c5 6. g3 {A17: English Opening: 1...Nf6 with ...Bb4} b6 (6... Nc6 7. Bg2 O-O 8. O-O d6 9. d3 e5 10. e4 Ne8 11. Nh4 Rb8 12. Nf5 b5 13. cxb5 Rxb5 14. f4 Be6 15. fxe5 dxe5 16. Be3 Qa5 {1-0 (29) Kaidanov,G (2596)-Friedel,J (2484) Tulsa 2008}) 7. Bg2 Bb7 8. O-O {The position is equal.} Nc6 9. d3 O-O 10. e4 d6 11. Re1 Nd7 $146 ({Predecessor:} 11... Ne5 12. Bf4 Nxf3+ 13. Bxf3 e5 14. Be3 Rb8 15. Qc2 Qe7 16. a4 {1-0 (42) Immel,J (1779)-Titov,L Goch 2010}) 12. Nh4 Qe7 13. f4 Rad8 14. Ra2 Rfe8 15. Rf2 Qf8 {[#]} 16. Bh3 (16. f5 $1 $16) 16... Ne7 17. f5 exf5 18. Bxf5 Ne5 19. Ref1 Nxf5 20. Nxf5 Bc8 21. Bg5 Bxf5 $1 22. Rxf5 ({Much weaker is} 22. exf5 f6 $17) 22... Rd7 23. Qa4 {[#] Threatens to win with d4.} Rc7 24. Qd1 Re6 25. Qe2 (25. a4 $11) 25... Qe8 $15 26. Qc2 f6 27. Bd2 Rf7 28. R5f4 Rf8 29. Rf5 Qd7 30. Bc1 Re7 31. Qd1 Ref7 32. Qe2 Qe6 (32... b5 $17 {Hoping for ...bxc4.} 33. cxb5 Qxb5) 33. g4 Qc8 34. h3 Qa6 35. g5 fxg5 36. Rxf7 ({White should play} 36. Bxg5 $15 Rxf5 37. exf5) 36... Rxf7 37. Rxf7 Nxf7 (37... Kxf7 $17 38. Qf1+ (38. Qh5+ Kf8 $15) 38... Kg8) 38. d4 $2 (38. Qg4 $1 $11 {and White stays safe.}) 38... Qc8 39. Qg2 $2 (39. Qg4 $17 {keeps fighting.} Qxg4+ 40. hxg4) 39... cxd4 $19 40. cxd4 Qxc4 41. Be3 Qc3 42. Bf2 {If White can now play e5! this consolidates a bit.} Qc1+ 43. Kh2 {intending e5!} Qxa3 44. Bg3 h6 45. Qc2 Qf3 46. e5 dxe5 47. dxe5 Qd5 48. Qc8+ Qd8 49. Qf5 Qd2+ {Black is clearly winning.} 50. Kg1 Nd8 51. Qc8 Qd3 52. Bf2 Kh7 53. Qg4 Qg6 54. Qc4 Ne6 55. Bg3 Qf5 56. Kg2 h5 {[%cal Bh6h5,Bh5g4][%mdl 32]} 57. Qe2 g4 58. hxg4 hxg4 59. Qd2 a5 {Precision: White = 33%, Black = 54%.} 0-1

[Event "Central-SRB chT 2018"]
[Site "Kragujevac"]
[Date "2018.09.22"]
[Round "11"]
[White "Rajkovic, Mladen"]
[Black "Jesic, Dusan"]
[Result "1/2-1/2"]
[WhiteElo "2304"]
[BlackElo "2322"]
[Annotator "TA"]
[PlyCount "65"]
[EventDate "2018.09.14"]
[EventType "team-tourn"]
[EventCountry "SRB"]
[SourceTitle "playchess.com"]
[Source "ChessBase"]
[SourceQuality "1"]

{[%evp 40,65,53,47,41,51,42,46,69,55,89,75,86,56,59,39,33,31,25,24,2,0,0,-20,-20,-52,-57,-50]} 1. e4 c5 2. Nf3 d6 3. d4 cxd4 4. Nxd4 Nf6 5. f3 a6 6. c4 e6 7. Nc3 Be7 8. Be3 O-O 9. Be2 b6 10. O-O Bb7 11. Rc1 Nbd7 12. a3 Re8 13. b4 Rc8 14. Qd2 Qc7 15. Rfd1 Qb8 16. Kh1 Bd8 17. Nb3 Bc7 {B44: Sicilian: Taimanov: 5 Nb5} 18. Bf4 Ne5 (18... d5 19. Bxc7 Rxc7 20. cxd5 exd5 21. exd5 Nxd5 22. Nxd5 Bxd5 23. Nd4 b5 24. Bf1 Rxc1 25. Rxc1 {½-½ (40) Yu,Y (2738)-Karthikeyan,M (2578) Moscow 2017}) 19. Bxe5 dxe5 20. c5 b5 21. a4 {LiveBook: 4 Games} bxa4 22. Nxa4 Bc6 23. Nb2 Bb5 {[#] next ...Bxe2 is good for Black.} 24. Bc4 $146 ({Predecessor:} 24. Bxb5 Qxb5 25. Qc3 {1-0 (53) Perunovic,M (2558)-Paunovic,D (2553) Vrnjacka Banja 2010}) 24... Qb7 25. Qe2 Rb8 26. Bxb5 Qxb5 27. Qxb5 Rxb5 28. Nd3 Nd7 $1 29. c6 Nb8 $1 30. Nbc5 Rd8 31. Nb7 Rd4 32. Na5 Kf8 33. Kg1 1/2-1/2

[Event "Central-SRB chT 2018"]
[Site "Kragujevac"]
[Date "2018.09.22"]
[Round "11"]
[White "Irizanin, Radoje"]
[Black "Perunovic, Miodrag"]
[Result "0-1"]
[WhiteElo "2296"]
[BlackElo "2433"]
[Annotator "TA"]
[PlyCount "66"]
[EventDate "2018.09.14"]
[EventType "team-tourn"]
[EventCountry "SRB"]
[SourceTitle "playchess.com"]
[Source "ChessBase"]
[SourceQuality "1"]

{[%evp 10,66,-4,-7,8,-16,-12,-20,-10,-18,-20,-22,-16,-81,-102,-82,-50,-48,-35,-27,-27,-33,-33,-29,-24,-29,-29,-158,-156,-183,-179,-178,-181,-183,-169,-207,-197,-408,-416,-411,-406,-412,-407,-403,-396,-562,-568,-603,-585,-668,-648,-1974,-1709,-2020,-1718,-1739,-922,-1870,-1237]} 1. d4 Nf6 2. Nf3 e6 3. e3 b6 4. Bd3 Bb7 5. c3 (5. O-O d5 6. b3 Bd6 7. Bb2 O-O 8. Nbd2 Nbd7 9. Qe2 Ne4 10. c4 Qe7 11. Rac1 c5 12. dxc5 Ndxc5 13. Bb1 Nxd2 14. Nxd2 Rad8 15. Rfd1 Bb8 {1-0 (33) Mamedyarov,S (2799)-Bocharov,D (2583) Riadh 2017}) 5... d5 6. Nbd2 {LiveBook: 6 Games. A47: 1 d4 Nf6 2 Nf3 b6: Torre, London and Colle Systems} Bd6 7. Ne5 O-O 8. f4 {The position is equal.} Ne4 9. Qf3 {[%cal Rd2e4]} f5 10. O-O $146 ({Predecessor:} 10. Qh3 Bxe5 11. fxe5 Ba6 12. Bxa6 {0-1 (39) Arencibia Rodriguez,W (2529)-Stefansson,H (2566) Varadero 2000}) 10... Nd7 11. g4 (11. Qh3 $11 {keeps the balance.}) 11... Bxe5 $17 12. fxe5 Qg5 13. Qf4 {[#] Hoping for Qxg5.} Qxg4+ 14. Qxg4 fxg4 15. Nxe4 dxe4 16. Be2 Rxf1+ 17. Kxf1 h5 18. h3 (18. b3 $11 {remains equal.}) 18... gxh3 19. Bxh5 Rf8+ 20. Kg1 {[#]} Rf5 $1 $36 {[%cal Rf5h5][%mdl 2048] Keeping White busy.} 21. Be8 Bc6 {Strongly threatening ...Nxe5.} 22. Kh2 Nxe5 23. Bxc6 $2 (23. Kxh3 Bxe8 24. dxe5) 23... Nxc6 $19 24. Kxh3 {[%mdl 4096] Endgame KRB-KRN} Rf1 25. b3 Ne7 26. Kg2 Rd1 27. c4 (27. Kh3 {might work better.} Nf5 28. Bb2 Nxe3 29. Rxd1 Nxd1 30. Bc1) 27... Nf5 {Black is clearly winning.} 28. Kf2 g5 {[%cal Bg7g5,Bg5g4][%mdl 32]} 29. d5 exd5 30. cxd5 g4 31. a4 Kf7 32. a5 Kg6 33. axb6 axb6 {Precision: White = 36%, Black = 85%.} 0-1

[Event "Central-SRB chT 2018"]
[Site "Kragujevac"]
[Date "2018.09.22"]
[Round "11"]
[White "Pantelic, Sasa"]
[Black "Mijailovic, Zoran"]
[Result "1/2-1/2"]
[WhiteElo "2294"]
[BlackElo "2400"]
[Annotator "TA"]
[PlyCount "14"]
[EventDate "2018.09.14"]
[EventType "team-tourn"]
[EventCountry "SRB"]
[SourceTitle "playchess.com"]
[Source "ChessBase"]
[SourceQuality "1"]

{[%evp 12,14,20,18,53]} 1. d4 d5 2. c4 e6 3. Nc3 Nf6 4. cxd5 exd5 5. Bg5 Be7 6. e3 c6 7. Bd3 {LiveBook: 1852 Games} Bf8 $146 {D35: Queen's Gambit Declined: Exchange Variation} ({Predecessor:} 7... Nbd7 8. Qc2 Nh5 9. Bxe7 Qxe7 10. O-O-O Nb6 11. Kb1 g6 12. Nge2 Be6 13. f3 O-O-O 14. Nc1 Kb8 15. Nb3 Ng7 16. Rhe1 Rhe8 17. Qf2 Qc7 18. Rc1 Ka8 19. h3 Bf5 20. e4 {½-½ (51) Tomashevsky,E (2702)-Braun,A (2581) Biograd 2018}) 1/2-1/2

[Event "Central-SRB chT 2018"]
[Site "Kragujevac"]
[Date "2018.09.22"]
[Round "11"]
[White "Adzic, Momcilo"]
[Black "Markovic, Zoran S"]
[Result "1/2-1/2"]
[WhiteElo "2265"]
[BlackElo "2346"]
[Annotator "TA"]
[PlyCount "92"]
[EventDate "2018.09.14"]
[EventType "team-tourn"]
[EventCountry "SRB"]
[SourceTitle "playchess.com"]
[Source "ChessBase"]
[SourceQuality "1"]

{[%evp 11,92,3,6,-13,-6,-22,-18,-27,-36,-35,0,0,0,-19,-29,-39,0,0,-14,-52,-54,-51,-44,-45,-39,-55,12,0,0,0,0,-60,-60,-158,-166,-194,-168,-200,5,0,0,-6,0,0,0,0,0,0,0,-4,-2,-7,-8,-10,-3,-3,0,0,0,0,18,0,0,0,0,0,0,0,0,0,0,0,0,0,0,0,0,0,0,0,0,0,0]} 1. e4 c5 2. Nc3 Nc6 3. g3 g6 4. Bg2 Bg7 5. Nge2 Rb8 6. O-O b5 {LiveBook: 25 Games} 7. Nd5 {B24: Closed Sicilian: 3 g3 sidelines} e6 8. Ne3 Nge7 9. f4 $146 ({Predecessor:} 9. c3 b4 10. f4 f5 11. d3 O-O 12. c4 Bb7 13. Rb1 Nd4 14. b3 Nec6 {½-½ (33) Murey,J (2500)-Pigusov,E (2565) Helsinki 1992}) 9... d5 10. d3 dxe4 11. dxe4 O-O 12. e5 b4 13. c4 f6 14. exf6 Bxf6 15. Qc2 (15. Rb1 {feels hotter.} Qa5 16. Ng4 Bg7 17. b3 Rd8 18. Qe1) 15... Nd4 16. Nxd4 Bxd4 17. Kh1 Qc7 $36 {[%mdl 2048] White is under pressure.} 18. Rb1 Nc6 ({Black should play} 18... Bb7 $15) 19. Qe4 Rb6 20. Nc2 e5 21. Ne3 (21. Nxd4 $11 Nxd4 22. Be3) 21... Ne7 $15 22. Bd2 (22. Nc2 $15) 22... exf4 $17 23. Rxf4 Rxf4 24. Qxf4 Be5 $2 (24... Qxf4 $19 25. gxf4 Kf7) 25. Qf2 {The position is equal.} Bd4 26. Qe2 {[#] Hoping for Nd5.} (26. Qf4 {with more complications.}) 26... Qe5 27. Re1 Re6 28. Qd1 Qd6 {White must now prevent ...Bxe3.} 29. Nd5 Bb7 {[%cal Re7d5]} 30. Bf4 Qd7 {[%cal Re7d5]} 31. Rxe6 Qxe6 32. Nxe7+ Qxe7 33. b3 $1 Bxg2+ (33... g5 {is more complex.} 34. Bd2 h6 35. Qf1 Bc8 36. h3 Kg7) 34. Kxg2 Qe4+ 35. Qf3 Qe7 36. Qd5+ Kg7 37. Kf3 Qe1 38. Qb7+ Kg8 39. Qa8+ Kg7 40. Qxa7+ Kg8 41. Qb8+ Kg7 42. Qc7+ Kg8 43. Qd8+ Kf7 44. Qd7+ Kg8 45. Qh3 Qd1+ 46. Ke4 $1 {[#] aiming for Qc8+.} Qh1+ {Precision: White = 59%, Black = 67%.} 1/2-1/2

[Event "Central-SRB chT 2018"]
[Site "Kragujevac"]
[Date "2018.09.22"]
[Round "11"]
[White "Dimitrijevic, Radmilo"]
[Black "Vuksanovic, Zvezdan"]
[Result "0-1"]
[WhiteElo "2247"]
[BlackElo "2158"]
[Annotator "TA"]
[PlyCount "50"]
[EventDate "2018.09.14"]
[EventType "team-tourn"]
[EventCountry "SRB"]
[SourceTitle "playchess.com"]
[Source "ChessBase"]
[SourceQuality "1"]

{[%evp 13,50,0,-1,-19,-26,-28,-21,-9,41,-25,15,-36,-36,-36,-40,-60,-43,-39,-49,-69,-77,-90,-97,-102,-97,-103,-93,-171,-171,-178,-179,-172,-173,-170,-170,-161,-156,-629,-628]} 1. e4 g6 2. d4 d6 3. Nc3 Bg7 4. Be3 c6 5. Qd2 Nd7 6. f3 b5 7. d5 b4 {LiveBook: 3 Games. B06: Modern Defence} 8. dxc6 (8. Nd1 {is interesting.} cxd5 9. Qxd5 Rb8 10. Qd2 Ngf6 11. Bxa7 Rb7 12. Bd4) (8. Nd1 c5 9. a3 Qa5 10. Ne2 Ba6 11. Nc1 Bxf1 12. Rxf1 Nb6 13. Nb3 Qb5 14. axb4 Nc4 15. Qe2 Qxb4+ {1-0 (43) Linna,A (2505)-Ludgate,A (2527) ICCF corr 1999}) 8... bxc3 9. cxd7+ Bxd7 {Black has an edge.} 10. bxc3 Qa5 11. Bd4 (11. Ne2 $14) 11... Nf6 12. Bd3 ({White should try} 12. Bc4 $11) 12... e5 $146 {[%mdl 2048] Black fights for an advantage.} ({Predecessor:} 12... O-O 13. Ne2 e5 14. Be3 d5 15. c4 Qxd2+ 16. Bxd2 dxe4 17. fxe4 {½-½ (44) Petrenko,S (2357)-Zakharchenko,A (2399) Odessa 2001}) 13. Be3 d5 14. Ne2 dxe4 $1 15. fxe4 Bc6 16. Ng3 h5 {[%mdl 1024] Black has compensation.} 17. h4 Ng4 18. c4 Qa3 19. O-O O-O 20. Qc1 {[#]} (20. c5 $17) 20... Qe7 $1 $19 21. Bg5 f6 {[%cal Bf7f6,Bf6f5,Bf5f4][%mdl 32]} 22. Be3 f5 $1 23. Bg5 Qc5+ 24. Kh1 {[%cal Re4f5]} Nf2+ 25. Kg1 $2 {[#]} (25. Rxf2 $17 Qxf2 26. Qe1 Qxe1+ 27. Rxe1) 25... f4 {Precision: White = 21%, Black = 85%.} 0-1

[Event "Central-SRB chT 2018"]
[Site "Kragujevac"]
[Date "2018.09.22"]
[Round "11"]
[White "Ignjatovic, Predrag"]
[Black "Aleksic, Milan"]
[Result "1/2-1/2"]
[WhiteElo "2246"]
[BlackElo "2257"]
[Annotator "TA"]
[PlyCount "32"]
[EventDate "2018.09.14"]
[EventType "team-tourn"]
[EventCountry "SRB"]
[SourceTitle "playchess.com"]
[Source "ChessBase"]
[SourceQuality "1"]

{[%evp 15,16,-3,8]} 1. e4 c5 2. Nc3 Nc6 3. g3 g6 4. Bg2 Bg7 5. d3 d6 6. Be3 Nf6 7. h3 O-O 8. Nge2 Rb8 {LiveBook: 61 Games} {Predecessor:} 9. Qd2 $146 b5 10. O-O Ne8 11. Bh6 Bxh6 12. Qxh6 b4 13. Nb1 Nd4 14. Nxd4 cxd4 15. Nd2 Rb5 16. Nf3 Rh5 {1-0 (35) Movsesian,S (2667)-Sadzikowski,D (2587) Czech Republic 2018} 1/2-1/2

[Event "Central-SRB chT 2018"]
[Site "Kragujevac"]
[Date "2018.09.22"]
[Round "11"]
[White "Roljevic, Djordje"]
[Black "Zivkovic, Ivan B"]
[Result "1/2-1/2"]
[WhiteElo "2146"]
[BlackElo "2349"]
[Annotator "TA"]
[PlyCount "24"]
[EventDate "2018.09.14"]
[EventType "team-tourn"]
[EventCountry "SRB"]
[SourceTitle "playchess.com"]
[Source "ChessBase"]
[SourceQuality "1"]

{[%evp 15,24,62,47,45,41,0,63,63,66,33,775]} 1. d4 Nf6 2. Nf3 e6 3. Bg5 c5 4. e3 b6 5. d5 exd5 6. Nc3 Be7 {A46: 1 d4 Nf6 2 Nf3 e6: Torre, London and Colle Systems} 7. Nxd5 O-O 8. Bc4 Bb7 {LiveBook: 5 Games} 9. O-O Nc6 {[#] aiming for ...Nxd5.} 10. Bf4 $146 ({Predecessor:} 10. Nxe7+ Qxe7 11. Bd5 h6 12. Bxf6 Qxf6 13. c3 Rfd8 14. e4 d6 {½-½ (80) Murshed,N (2475)-Wygle,S Philadelphia 1989}) 10... Nxd5 (10... Na5 $1 $11 11. Bc7 (11. Nxe7+ Qxe7 12. Bd6 Qd8 $11) 11... Qe8 12. Nxe7+ Qxe7) 11. Bxd5 $14 d6 12. Qd2 Nb8 $2 {[%mdl 40960] An unexpected result.} (12... Qd7 $14) 1/2-1/2